000 00347nam a2200145Ia 4500
001 R-1234
003 CODICE-MESSINA
005 20260212102504.0
008 260211s9999 xx 000 0 und d
040 _cimportazione_messina
100 _aAline Ohanesian
245 0 _aRaccontami Dei Fiori Di Gelso
260 _bGarzanti
942 _2ddc
_cBK
999 _c27734
_d27734